[Event "Sao Paulo Itau Cup 7th"]
[Site "Sao Paulo"]
[Date "2003.09.28"]
[Round "2"]
[White "Cubas, Jose Fernando"]
[Black "Chang, Suzana"]
[Result "1-0"]
[WhiteElo "2419"]
[BlackElo "2140"]
[PlyCount "67"]
[EventDate "2003.10.??"]
[EventType "swiss"]
[EventRounds "9"]
[EventCountry "BRA"]
[SourceTitle "CBM 096 Extra"]
[Source "ChessBase"]
[SourceDate "2003.10.22"]
[SourceVersion "2"]
[SourceVersionDate "2003.10.20"]
[SourceQuality "1"]

1. e4 c5 2. Nf3 d6 3. d4 cxd4 4. Nxd4 Nf6 5. Nc3 a6 6. f4 g6 7. Nf3 Nc6 8. e5
dxe5 9. Qxd8+ Kxd8 10. fxe5 Ng4 11. Bf4 Bg7 12. O-O-O+ Bd7 13. Re1 h5 14. Nd5
b5 15. h3 Be6 16. Nc3 Bh6 17. Bxh6 Nxh6 18. Ng5 Bc4 19. Bxc4 bxc4 20. Rhf1 Ke8
21. Rf4 Na5 22. Rd1 Rc8 23. Rd5 Nb7 24. Rdd4 Na5 25. Na4 Rc6 26. Kd2 Nf5 27.
Rde4 h4 28. Kc3 Rh5 29. Nf3 Ng3 30. Re1 Re6 31. Rxh4 Rxh4 32. Nxh4 Kd8 33. Nf3
Kc7 34. Nd4 1-0

[Event "Sao Paulo Itau Cup 7th"]
[Site "Sao Paulo"]
[Date "2003.09.29"]
[Round "3"]
[White "Sierra, Miguel"]
[Black "Cubas, Jose Fernando"]
[Result "0-1"]
[WhiteElo "2256"]
[BlackElo "2419"]
[PlyCount "63"]
[EventDate "2003.10.??"]
[EventType "swiss"]
[EventRounds "9"]
[EventCountry "BRA"]
[SourceTitle "CBM 096 Extra"]
[Source "ChessBase"]
[SourceDate "2003.10.22"]
[SourceVersion "2"]
[SourceVersionDate "2003.10.20"]
[SourceQuality "1"]

1. e4 c5 2. Nf3 d6 3. d4 cxd4 4. Nxd4 Nf6 5. Bd3 g6 6. O-O Bg7 7. b3 O-O 8. Bb2
a6 9. c4 Bd7 10. Nc3 Nc6 11. Nc2 Rc8 12. Kh1 Qa5 13. Qe1 Rfe8 14. f4 Rb8 15. a3
b5 16. b4 Qb6 17. Ne3 Na7 18. e5 dxe5 19. fxe5 Ng4 20. Ncd5 Qb7 21. Be4 Nc6 22.
Nxg4 Bxg4 23. cxb5 axb5 24. e6 Bxe6 25. Bxg7 Kxg7 26. Qc3+ Kg8 27. Nf4 Bc4 28.
Rf3 Qc7 29. Nh5 Ne5 30. Rxf7 Kxf7 31. Rf1+ Kg8 32. Qc1 0-1

[Event "Sao Paulo Itau Cup 7th"]
[Site "Sao Paulo"]
[Date "2003.09.30"]
[Round "4"]
[White "Cubas, Jose Fernando"]
[Black "Milos, Gilberto"]
[Result "0-1"]
[WhiteElo "2419"]
[BlackElo "2592"]
[PlyCount "28"]
[EventDate "2003.10.??"]
[EventType "swiss"]
[EventRounds "9"]
[EventCountry "BRA"]
[SourceTitle "CBM 096 Extra"]
[Source "ChessBase"]
[SourceDate "2003.10.22"]
[SourceVersion "2"]
[SourceVersionDate "2003.10.20"]
[SourceQuality "1"]

1. e4 e5 2. Nf3 Nc6 3. Bc4 Nf6 4. d3 Bc5 5. c3 O-O 6. O-O d6 7. Bb3 Kh8 8. Re1
Ng4 9. d4 exd4 10. h3 Nge5 11. Nxd4 Qh4 12. Bc2 f5 13. b4 Bb6 14. f4 Nxd4 0-1

[Event "Sao Paulo Itau Cup 7th"]
[Site "Sao Paulo"]
[Date "2003.10.02"]
[Round "6"]
[White "Cubas, Jose Fernando"]
[Black "Alonso Moyano, Jonathan"]
[Result "1-0"]
[WhiteElo "2419"]
[BlackElo "2281"]
[PlyCount "93"]
[EventDate "2003.10.??"]
[EventType "swiss"]
[EventRounds "9"]
[EventCountry "BRA"]
[SourceTitle "CBM 096 Extra"]
[Source "ChessBase"]
[SourceDate "2003.10.22"]
[SourceVersion "2"]
[SourceVersionDate "2003.10.20"]
[SourceQuality "1"]

1. e4 c5 2. Nf3 d6 3. d4 Nf6 4. Nc3 cxd4 5. Nxd4 g6 6. Be2 Bg7 7. O-O O-O 8.
Be3 Nc6 9. Nb3 Be6 10. f4 Qc8 11. Kh1 Bg4 12. Bf3 Bxf3 13. Qxf3 Qg4 14. Rad1
Qxf3 15. Rxf3 b5 16. Nd4 Rfc8 17. a3 Na5 18. Ndxb5 Nc4 19. Bc1 a6 20. Nd4 Ra7
21. Nde2 Rac7 22. h3 Nb6 23. Rfd3 Nfd7 24. Kg1 Nc5 25. Rf3 a5 26. Nd4 Nca4 27.
Nxa4 Nxa4 28. c3 Rc4 29. Nb3 Rxe4 30. Nxa5 Nxb2 31. Bxb2 Ra4 32. Rd5 Rb8 33.
Bc1 e6 34. Nc6 Rb1 35. Rd1 Rc4 36. Nb4 Bxc3 37. Nd3 e5 38. fxe5 dxe5 39. Rff1
e4 40. Nf4 Bd4+ 41. Kh1 Bc5 42. Ne2 Rc2 43. Rd8+ Kg7 44. Rc8 e3 45. Rc7 Kh6 46.
Rxc5 Rxe2 47. Bxe3+ 1-0

[Event "Sao Paulo Itau Cup 7th"]
[Site "Sao Paulo"]
[Date "2003.10.03"]
[Round "7"]
[White "Bosque Ortega, Xavier"]
[Black "Cubas, Jose Fernando"]
[Result "0-1"]
[WhiteElo "2258"]
[BlackElo "2419"]
[PlyCount "66"]
[EventDate "2003.10.??"]
[EventType "swiss"]
[EventRounds "9"]
[EventCountry "BRA"]
[SourceTitle "CBM 096 Extra"]
[Source "ChessBase"]
[SourceDate "2003.10.22"]
[SourceVersion "2"]
[SourceVersionDate "2003.10.20"]
[SourceQuality "1"]

1. d4 d5 2. Nf3 Nf6 3. Bf4 e6 4. e3 Bd6 5. Bg3 Ne4 6. Nbd2 f5 7. Bh4 Be7 8.
Bxe7 Qxe7 9. Ne5 O-O 10. c3 Nd7 11. Nxd7 Bxd7 12. Nf3 Be8 13. Ne5 f4 14. exf4
Rxf4 15. Nd3 Rf7 16. Be2 Bb5 17. O-O Raf8 18. f3 Bxd3 19. Bxd3 Nf6 20. Qe2 c5
21. dxc5 Qxc5+ 22. Kh1 Qd6 23. Rfe1 Re7 24. Qe5 Qb6 25. Re2 Nd7 26. Qg5 Qd6 27.
Rae1 a6 28. Qg3 e5 29. Bc2 Rfe8 30. Bb3 Nc5 31. Rd1 Nxb3 32. axb3 Qc6 33. f4
exf4 0-1

[Event "Sao Paulo Itau Cup 7th"]
[Site "Sao Paulo"]
[Date "2003.10.04"]
[Round "8"]
[White "Cubas, Jose Fernando"]
[Black "Mittelman, Gur"]
[Result "1/2-1/2"]
[WhiteElo "2419"]
[BlackElo "2437"]
[PlyCount "80"]
[EventDate "2003.10.??"]
[EventType "swiss"]
[EventRounds "9"]
[EventCountry "BRA"]
[SourceTitle "CBM 096 Extra"]
[Source "ChessBase"]
[SourceDate "2003.10.22"]
[SourceVersion "2"]
[SourceVersionDate "2003.10.20"]
[SourceQuality "1"]

1. e4 c6 2. d4 d5 3. e5 Bf5 4. Be3 e6 5. Nd2 Nd7 6. f4 Nh6 7. Be2 Ng4 8. Nf1
Nxe3 9. Nxe3 Be4 10. Bd3 Bxd3 11. Qxd3 c5 12. Nf3 cxd4 13. Nxd4 Bc5 14. O-O-O
Rc8 15. Kb1 Bxd4 16. Qxd4 Qb6 17. c4 Qxd4 18. Rxd4 Nb6 19. cxd5 Nxd5 20. Nxd5
exd5 21. Rxd5 Ke7 22. Rhd1 Rc7 23. Rd6 Rhc8 24. a3 Ke8 25. R1d3 g6 26. Rh3 h5
27. f5 Rc1+ 28. Ka2 R1c6 29. fxg6 fxg6 30. Rf3 Rxd6 31. exd6 Rc2 32. Rg3 Kf7
33. Rd3 Ke8 34. Rg3 Kf7 35. Rf3+ Ke8 36. Re3+ Kf7 37. Rf3+ Ke8 38. Re3+ Kf7 39.
Rd3 Ke8 40. Rg3 Kf7 1/2-1/2

[Event "Sao Paulo Itau Cup 7th"]
[Site "Sao Paulo"]
[Date "2003.10.05"]
[Round "9"]
[White "Fernando, Diogo"]
[Black "Cubas, Jose Fernando"]
[Result "0-1"]
[WhiteElo "2391"]
[BlackElo "2419"]
[PlyCount "58"]
[EventDate "2003.10.??"]
[EventType "swiss"]
[EventRounds "9"]
[EventCountry "BRA"]
[SourceTitle "CBM 096 Extra"]
[Source "ChessBase"]
[SourceDate "2003.10.22"]
[SourceVersion "2"]
[SourceVersionDate "2003.10.20"]
[SourceQuality "1"]

1. e4 e6 2. d4 d5 3. e5 c5 4. c3 Nc6 5. Nf3 Nge7 6. Bd3 cxd4 7. cxd4 Nf5 8. Bc2
Qb6 9. Bxf5 exf5 10. O-O Be7 11. Nc3 Be6 12. Na4 Qd8 13. Ne1 O-O 14. Be3 Rc8
15. Nd3 Qd7 16. b3 b6 17. Qd2 Rc7 18. h3 Rfc8 19. Kh2 Qe8 20. Rg1 Qf8 21. g4
fxg4 22. hxg4 f6 23. Nf4 Qf7 24. Nxe6 Qxe6 25. exf6 Qxf6 26. Rg2 Bd6+ 27. Kg1
Nb4 28. Bg5 Qg6 29. Rd1 Rc2 0-1

[Event "Buenos Aires CGT"]
[Site "Buenos Aires"]
[Date "2003.12.11"]
[Round "1.5"]
[White "Cubas, Jose Fernando"]
[Black "Pierrot, Juan Facundo"]
[Result "1/2-1/2"]
[WhiteElo "2411"]
[BlackElo "2433"]
[PlyCount "138"]
[EventDate "2003.12.11"]
[EventType "tourn"]
[EventRounds "11"]
[EventCountry "ARG"]
[EventCategory "8"]
[SourceTitle "CBM 097 Extra"]
[Source "ChessBase"]
[SourceDate "2004.01.13"]
[SourceVersion "1"]
[SourceVersionDate "2004.01.13"]
[SourceQuality "1"]

1. e4 c5 2. Nf3 e6 3. d4 cxd4 4. Nxd4 Nf6 5. Nc3 Nc6 6. Ndb5 d6 7. Bf4 e5 8.
Bg5 a6 9. Na3 b5 10. Bxf6 gxf6 11. Nd5 f5 12. c3 Bg7 13. exf5 Bxf5 14. Nc2 Be6
15. a4 O-O 16. axb5 axb5 17. Rxa8 Qxa8 18. Nc7 Qa4 19. Bxb5 Qe4+ 20. Ne3 Nd4
21. Bd3 Qb7 22. Nxe6 Nxe6 23. O-O Nf4 24. Bc4 Qxb2 25. Qxd6 Qxc3 26. g3 Ng6 27.
Bd5 Qc8 28. Rd1 Kh8 29. Be4 f5 30. Bd5 Rf6 31. Qb4 f4 32. Bb7 Qb8 33. Nd5 Rf7
34. Bc6 Qc8 35. Qc4 Qf5 36. Nc3 Rc7 37. Rd8+ Nf8 38. Nb5 fxg3 39. hxg3 Rf7 40.
Qc5 Qf6 41. Nd6 Rc7 42. Qd5 e4 43. Rc8 Rxc8 44. Nxc8 e3 45. fxe3 Qe5 46. Qxe5
Bxe5 47. Kf2 Kg7 48. Nb6 Ne6 49. Kf3 Ng5+ 50. Kg4 Nf7 51. Bd5 Bc7 52. Na4 Ne5+
53. Kf5 Nd7 54. g4 Nb6 55. Nc3 Nc8 56. Ke6 Nb6 57. Be4 Kh6 58. Bf5 Nc4 59. Nd5
Bb8 60. e4 Kg5 61. Nf6 h6 62. Nh7+ Kf4 63. Nf6 Ne5 64. Kd5 Kg5 65. Nh7+ Kf4 66.
Nf6 Kg5 67. Ng8 Bc7 68. Kd4 Bd6 69. Kd5 Bc7 1/2-1/2

[Event "Buenos Aires CGT"]
[Site "Buenos Aires"]
[Date "2003.12.12"]
[Round "2.3"]
[White "Coelho, Luis Henrique"]
[Black "Cubas, Jose Fernando"]
[Result "1-0"]
[WhiteElo "2378"]
[BlackElo "2411"]
[PlyCount "69"]
[EventDate "2003.12.11"]
[EventType "tourn"]
[EventRounds "11"]
[EventCountry "ARG"]
[EventCategory "8"]
[SourceTitle "CBM 097 Extra"]
[Source "ChessBase"]
[SourceDate "2004.01.13"]
[SourceVersion "1"]
[SourceVersionDate "2004.01.13"]
[SourceQuality "1"]

1. e4 e6 2. d4 d5 3. Nc3 Bb4 4. e5 c5 5. a3 Bxc3+ 6. bxc3 Qa5 7. Bd2 Qa4 8. Qb1
c4 9. h4 Nc6 10. h5 h6 11. f4 Nge7 12. Nf3 f5 13. g3 Bd7 14. Bh3 O-O-O 15. Be3
Rdf8 16. Kd2 Be8 17. Bf1 Kc7 18. Be2 Nc8 19. Nh4 Nb6 20. Qb2 Qa5 21. Rab1 Kd8
22. Qa1 Rhg8 23. g4 fxg4 24. Bxg4 Nxd4 25. Bxd4 Rxf4 26. Bxb6+ axb6 27. Bxe6 d4
28. Bxg8 Rf2+ 29. Kc1 Ba4 30. Rb4 Rxc2+ 31. Kb1 Qxe5 32. Rxc4 dxc3 33. Rd1+ Rd2
34. Rxd2+ cxd2 35. Qd4+ 1-0

[Event "Buenos Aires CGT"]
[Site "Buenos Aires"]
[Date "2003.12.13"]
[Round "3.4"]
[White "Cubas, Jose Fernando"]
[Black "Rodriguez, Jorge Luis"]
[Result "1-0"]
[WhiteElo "2411"]
[BlackElo "2411"]
[PlyCount "69"]
[EventDate "2003.12.11"]
[EventType "tourn"]
[EventRounds "11"]
[EventCountry "ARG"]
[EventCategory "8"]
[SourceTitle "CBM 097 Extra"]
[Source "ChessBase"]
[SourceDate "2004.01.13"]
[SourceVersion "1"]
[SourceVersionDate "2004.01.13"]
[SourceQuality "1"]

1. e4 e6 2. d4 d5 3. Nc3 Bb4 4. exd5 exd5 5. Bd3 Nc6 6. a3 Be7 7. Bf4 Nxd4 8.
Bb5+ Nxb5 9. Nxb5 Bd6 10. Bxd6 cxd6 11. Qxd5 Qe7+ 12. Ne2 Nf6 13. Nxd6+ Kf8 14.
Qd3 Bg4 15. f3 Rd8 16. O-O-O Be6 17. c4 Ne8 18. c5 Qg5+ 19. Kb1 Nxd6 20. Qd4
Qf6 21. Qxf6 gxf6 22. cxd6 Rg8 23. Nf4 Rg5 24. Rd4 Bd7 25. Rc1 Bc6 26. Kc2 Ke8
27. Kd2 Kd7 28. Ke3 Re8+ 29. Kf2 Rge5 30. Rcd1 Rc5 31. R1d2 a6 32. Nd3 Rd5 33.
Rxd5 Bxd5 34. Nc5+ Kxd6 35. Ne4+ 1-0

[Event "Buenos Aires CGT"]
[Site "Buenos Aires"]
[Date "2003.12.14"]
[Round "4.4"]
[White "Dolezal, Cristian"]
[Black "Cubas, Jose Fernando"]
[Result "1-0"]
[WhiteElo "2398"]
[BlackElo "2411"]
[PlyCount "35"]
[EventDate "2003.12.11"]
[EventType "tourn"]
[EventRounds "11"]
[EventCountry "ARG"]
[EventCategory "8"]
[SourceTitle "CBM 097 Extra"]
[Source "ChessBase"]
[SourceDate "2004.01.13"]
[SourceVersion "1"]
[SourceVersionDate "2004.01.13"]
[SourceQuality "1"]

1. e4 e6 2. d4 d5 3. Nc3 Bb4 4. e5 c5 5. a3 Bxc3+ 6. bxc3 Qa5 7. Bd2 Qa4 8. Nf3
b6 9. c4 Nc6 10. cxd5 Nxd4 11. Nxd4 Qxd4 12. Bb5+ Kf8 13. O-O Qxd5 14. c4 Qd4
15. Be3 Qxd1 16. Rfxd1 Ke7 17. Bc6 Rb8 18. Rab1 1-0

[Event "Buenos Aires CGT"]
[Site "Buenos Aires"]
[Date "2003.12.15"]
[Round "5.3"]
[White "Cubas, Jose Fernando"]
[Black "Slipak, Sergio"]
[Result "0-1"]
[WhiteElo "2411"]
[BlackElo "2503"]
[PlyCount "66"]
[EventDate "2003.12.11"]
[EventType "tourn"]
[EventRounds "11"]
[EventCountry "ARG"]
[EventCategory "8"]
[SourceTitle "CBM 097 Extra"]
[Source "ChessBase"]
[SourceDate "2004.01.13"]
[SourceVersion "1"]
[SourceVersionDate "2004.01.13"]
[SourceQuality "1"]

1. e4 e5 2. Nf3 Nc6 3. Bc4 Nf6 4. d3 Be7 5. O-O O-O 6. Re1 d6 7. a4 Na5 8. Ba2
c5 9. Nc3 Be6 10. Bg5 Nc6 11. Nd2 h6 12. Bxf6 Bxf6 13. Nf1 Bg5 14. Bc4 Qd7 15.
Ne3 Bxe3 16. fxe3 f5 17. Rf1 Kh8 18. exf5 Bxf5 19. Qf3 Qd8 20. Bd5 Nb4 21. Bxb7
Rb8 22. Rac1 Qe7 23. Qh5 Bxd3 24. Rxf8+ Rxf8 25. cxd3 Qxb7 26. Qg6 Rf6 27. Qe4
d5 28. Qxe5 Nxd3 29. Qe8+ Kh7 30. Rd1 Qxb2 31. Ne4 Rg6 32. Ng3 Qf2+ 33. Kh1 Ne1
0-1

[Event "Buenos Aires CGT"]
[Site "Buenos Aires"]
[Date "2003.12.16"]
[Round "6.5"]
[White "Rodriguez Vila, Andres"]
[Black "Cubas, Jose Fernando"]
[Result "1-0"]
[WhiteElo "2498"]
[BlackElo "2411"]
[PlyCount "64"]
[EventDate "2003.12.11"]
[EventType "tourn"]
[EventRounds "11"]
[EventCountry "ARG"]
[EventCategory "8"]
[SourceTitle "CBM 097 Extra"]
[Source "ChessBase"]
[SourceDate "2004.01.13"]
[SourceVersion "1"]
[SourceVersionDate "2004.01.13"]
[SourceQuality "1"]

1. e4 c5 2. Nf3 d6 3. d4 cxd4 4. Nxd4 Nf6 5. f3 e5 6. Bb5+ Nbd7 7. Nf5 d5 8.
exd5 a6 9. Ba4 b5 10. Bb3 Nb6 11. Ne3 Bb7 12. Nc3 Bc5 13. Qd3 O-O 14. Ne4 Rc8
15. Nxc5 Rxc5 16. O-O Nfxd5 17. Nxd5 Nxd5 18. Rd1 Qc7 19. c3 e4 20. fxe4 Nf6
21. Qd6 Qc8 22. Be3 Nxe4 23. Qd7 Rc7 24. Qxc8 Rfxc8 25. Bb6 Rc6 26. Be3 R6c7
27. a4 h6 28. axb5 axb5 29. Bf4 Re7 30. Ra7 Rce8 31. Bc2 g5 32. Be3 Nf6 1-0

[Event "Buenos Aires CGT"]
[Site "Buenos Aires"]
[Date "2003.12.17"]
[Round "7.2"]
[White "Cubas, Jose Fernando"]
[Black "Crosa Coll, Martin"]
[Result "1/2-1/2"]
[WhiteElo "2411"]
[BlackElo "2403"]
[PlyCount "67"]
[EventDate "2003.12.11"]
[EventType "tourn"]
[EventRounds "11"]
[EventCountry "ARG"]
[EventCategory "8"]
[SourceTitle "CBM 097 Extra"]
[Source "ChessBase"]
[SourceDate "2004.01.13"]
[SourceVersion "1"]
[SourceVersionDate "2004.01.13"]
[SourceQuality "1"]

1. e4 Nf6 2. e5 Nd5 3. d4 d6 4. Nf3 dxe5 5. Nxe5 c6 6. Qf3 Be6 7. Bc4 Nd7 8.
O-O g6 9. Nc3 Bg7 10. Re1 O-O 11. Bb3 Nxe5 12. dxe5 Qd7 13. Bg5 h6 14. Bh4 Nxc3
15. Qxc3 Rfd8 16. Re3 Bxb3 17. Qxb3 g5 18. e6 Qd1+ 19. Re1 Qh5 20. Bg3 f5 21.
Bc7 Rd2 22. Qxb7 Rf8 23. Qb4 Rxc2 24. Qxe7 Bd4 25. Be5 Bxe5 26. Rxe5 Rxf2 27.
Kxf2 Qh4+ 28. Kg1 Qd4+ 29. Kh1 Qxe5 30. Rd1 f4 31. Qd7 f3 32. gxf3 Qe2 33. e7
Qxf3+ 34. Kg1 1/2-1/2

[Event "Buenos Aires CGT"]
[Site "Buenos Aires"]
[Date "2003.12.18"]
[Round "8.6"]
[White "Zambrana, Oswaldo"]
[Black "Cubas, Jose Fernando"]
[Result "1-0"]
[WhiteElo "2438"]
[BlackElo "2411"]
[PlyCount "85"]
[EventDate "2003.12.11"]
[EventType "tourn"]
[EventRounds "11"]
[EventCountry "ARG"]
[EventCategory "8"]
[SourceTitle "CBM 097 Extra"]
[Source "ChessBase"]
[SourceDate "2004.01.13"]
[SourceVersion "1"]
[SourceVersionDate "2004.01.13"]
[SourceQuality "1"]

1. e4 e6 2. d4 d5 3. Nd2 c5 4. Ngf3 cxd4 5. exd5 Qxd5 6. Bc4 Qd6 7. O-O Nf6 8.
Nb3 Nc6 9. Nbxd4 Nxd4 10. Qxd4 Qxd4 11. Nxd4 Bd7 12. c3 Bc5 13. Bf4 Rc8 14.
Rad1 a6 15. Bb3 O-O 16. Rfe1 Rfd8 17. Rd2 Bf8 18. Bg3 Bc6 19. f3 Bd5 20. Red1
Be7 21. Nf5 exf5 22. Bxd5 Nxd5 23. Rxd5 Rxd5 24. Rxd5 Rd8 25. Rxd8+ Bxd8 26.
Kf2 g5 27. Ke2 f6 28. Kd3 Kf7 29. c4 Ke6 30. b4 h5 31. h3 Be7 32. Kc3 h4 33.
Bb8 Bd8 34. Kd4 Be7 35. c5 Bd8 36. a4 Be7 37. Kc4 f4 38. b5 f5 39. c6 axb5+ 40.
Kxb5 bxc6+ 41. Kxc6 Bb4 42. Bc7 Bc3 43. a5 1-0

[Event "Buenos Aires CGT"]
[Site "Buenos Aires"]
[Date "2003.12.19"]
[Round "9.1"]
[White "Cubas, Jose Fernando"]
[Black "Sorin, Ariel"]
[Result "1-0"]
[WhiteElo "2411"]
[BlackElo "2512"]
[PlyCount "91"]
[EventDate "2003.12.11"]
[EventType "tourn"]
[EventRounds "11"]
[EventCountry "ARG"]
[EventCategory "8"]
[SourceTitle "CBM 097 Extra"]
[Source "ChessBase"]
[SourceDate "2004.01.13"]
[SourceVersion "1"]
[SourceVersionDate "2004.01.13"]
[SourceQuality "1"]

1. e4 e5 2. Nf3 Nc6 3. Bc4 Bc5 4. c3 Nf6 5. d3 a6 6. Bb3 d6 7. O-O Ba7 8. Nbd2
O-O 9. h3 Be6 10. Re1 Bxb3 11. Qxb3 Rb8 12. Nf1 Nd7 13. Be3 Nc5 14. Qc2 Ne6 15.
Bxa7 Nxa7 16. d4 exd4 17. Nxd4 Re8 18. Rad1 Qd7 19. Nf5 f6 20. N1e3 Nc6 21. Nd5
Kh8 22. f4 Qf7 23. c4 a5 24. a3 Ra8 25. b4 axb4 26. axb4 b6 27. Qc3 Nf8 28. Rd3
Ne6 29. Rg3 Rf8 30. Rf3 Rae8 31. b5 Nb8 32. e5 dxe5 33. fxe5 Ng5 34. Rfe3 fxe5
35. Rxe5 Rxe5 36. Rxe5 Qg6 37. Nf4 Qf6 38. Nh5 Qg6 39. Re7 Nf7 40. Re6 Qg5 41.
h4 Qg4 42. Nhxg7 Ne5 43. Rxe5 Nd7 44. Re7 Qd1+ 45. Kh2 Nf6 46. Qxf6 1-0

[Event "Buenos Aires CGT"]
[Site "Buenos Aires"]
[Date "2003.12.20"]
[Round "10.6"]
[White "Cubas, Jose Fernando"]
[Black "Valiente, Cristobal"]
[Result "1/2-1/2"]
[WhiteElo "2411"]
[BlackElo "2324"]
[PlyCount "86"]
[EventDate "2003.12.11"]
[EventType "tourn"]
[EventRounds "11"]
[EventCountry "ARG"]
[EventCategory "8"]
[SourceTitle "CBM 097 Extra"]
[Source "ChessBase"]
[SourceDate "2004.01.13"]
[SourceVersion "1"]
[SourceVersionDate "2004.01.13"]
[SourceQuality "1"]

1. e4 c6 2. d4 d5 3. e5 Bf5 4. Be3 e6 5. Nd2 Nd7 6. c3 Ne7 7. f4 Bg6 8. Ngf3
Nf5 9. Bf2 h5 10. g3 Be7 11. Be2 c5 12. O-O cxd4 13. cxd4 Rc8 14. Qa4 a6 15.
Rac1 O-O 16. h3 Nh6 17. Kg2 Rc7 18. Qd1 Qc8 19. Rxc7 Qxc7 20. Ne1 Bb4 21. Bd3
Rc8 22. Bxg6 fxg6 23. Nd3 Bxd2 24. Qxd2 Qc2 25. Qxc2 Rxc2 26. Rc1 Rxc1 27. Nxc1
Kf7 28. Kf3 Nf5 29. g4 hxg4+ 30. hxg4 Ne7 31. Bh4 Nc6 32. Ke3 Ke8 33. Nd3 Kf7
34. Be1 b6 35. Nf2 Ndb8 36. Nh3 a5 37. Bh4 Na6 38. Ng5+ Ke7 39. Nf3+ Kf7 40.
Ng5+ Ke7 41. Nf3+ Kf7 42. a3 Nc7 43. Ng5+ Ke8 1/2-1/2

[Event "Santiago Entel Cup"]
[Site "Santiago de Chile"]
[Date "2004.03.26"]
[Round "9"]
[White "Leitao, Rafael Duailibe"]
[Black "Cubas, Jose Fernando"]
[Result "1-0"]
[WhiteElo "2566"]
[BlackElo "2394"]
[Annotator "Psakhis,L"]
[PlyCount "103"]
[EventDate "2004.03.22"]
[EventType "tourn"]
[EventRounds "11"]
[EventCountry "CHI"]
[EventCategory "9"]
[SourceTitle "CBM 100"]
[Source "ChessBase"]
[SourceDate "2004.06.01"]
[SourceVersion "1"]
[SourceVersionDate "2004.06.01"]
[SourceQuality "1"]

1. e4 e6 2. d4 d5 3. e5 c5 4. c3 Nc6 5. Nf3 Nge7 6. a3 (6. Bd3 $5) (6. Na3 $5)
6... c4 (6... a5 $5 7. Bd3 cxd4 8. cxd4 Nf5 $13) 7. g3 Na5 8. Nbd2 Bd7 9. Bg2 (
9. Rb1 Nb3 10. Nxb3 Ba4 11. Nfd2 cxb3 12. Bg2 Nc6 13. O-O Bb5 14. Re1 Bd3 15.
Ra1 Bc2 16. Qe2 Qb6 17. Nf1 Na5 18. Ne3 $36 {Rodriguez Valencoso,J-Zucchelli,M/
Mislata op 1999//1/2-1/2 (48)}) (9. h4 Nc8 10. Ng5 Nb6 11. Qh5 Qe7 12. Be2 h6
13. Nh3 Ba4 14. Bd1 Bxd1 15. Qxd1 Qd7 16. a4 O-O-O 17. h5 Be7 18. O-O Rdg8 $132
{0-1 Formanek,E-Pert,N/Hastings Challengers 2003/(73)}) 9... Bc6 $5 $146 {
[%cal Gd8d7,Gc6a4]} (9... Nb3 10. Nxb3 Ba4 11. Nfd2 $5 Nc6 12. Qe2 cxb3 13. O-O
b5 14. f4 g6 15. g4 $36 {Rada Equiza,M-Gonzalez Diez,E/San Augustin op 2000//
1-0 (39)}) (9... Nc8 $5 {[%cal Gc8b6,Gd7a4]} 10. O-O Nb6 11. Ne1 Qc7 12. f4 h5
13. Nc2 O-O-O 14. Ne3 f5 {1/2-1/2 Peng Xiaomin-Zhang Zhong/Beijing Tan Chin
Nam Cup 2000/ (14)}) 10. O-O Qd7 11. Qe2 Ba4 12. h4 $5 {[%cal Gh4h5] Typical
idea for this variant: White is trying to get additional space on the king
side.} (12. Ne1 $5) 12... h6 13. h5 O-O-O 14. Nh4 {[%cal Gf2f5]} Nec6 (14...
Rg8 $5 15. f4 $140 g6 {[%cal Ge7f5]}) 15. f4 Bc2 {In my opinion Black has
solved all openings problems and has rather comfortable play here.} 16. Nxc4 $5
{Interesting exchange sacrifice.Other case white can't pretend for any
advantage} (16. Qg4 Ne7 {[%cal Gg7g6]}) 16... Nb3 $1 17. Be3 ({Worth
considering} 17. Qxc2 Nxa1 18. Qb1 Nb3 19. Nd2 Nxc1 20. Rxc1 Be7 21. Nhf3 Kb8
$132) 17... Nxa1 18. Rxa1 Bh7 19. Nd2 Be7 20. Nhf3 {[%cal Gc3c4,Gb2b4]} g6 $5 {
Black correctly starts counter play on the king side.} 21. b4 (21. hxg6 Bxg6
22. b4 Kb8 {[%cal Gg6f5,Gh6h5]}) 21... gxh5 22. Nb3 Rdg8 23. b5 Nd8 24. Kh2 Be4
(24... Rg7 $5 {[%cal Gh8g8]} 25. Nc5 Qc7) 25. Nbd2 Bf5 26. c4 h4 (26... Kb8 $5)
27. gxh4 Rxg2+ $6 {I dare say this is the major cause of Black's defeat.} (
27... Rg7 $142 {with possible continuation} 28. cxd5 Rhg8 29. Rg1 (29. Bh1 Rg3
$1) 29... exd5 $17) 28. Kxg2 Rg8+ 29. Kh2 Rg4 (29... Kb8 30. c5) 30. Rg1 (30.
h5 f6 $1 {[%cal Gd7e8]}) 30... Bxh4 (30... Rxg1 31. Kxg1 Bxa3 32. c5 Bb4 {
with sharp position, but, I beleive, Black keeps at least equal chances.}) 31.
Rxg4 Bxg4 32. Qg2 Bxf3 33. Nxf3 Be7 34. Qc2 dxc4 (34... Kb8 $5 35. f5 exf5 36.
cxd5 Qxd5 $13) 35. Qxc4+ {[%csl Rd8]} Qc7 36. Qb3 Bf8 (36... f6 $5) 37. a4 b6
38. d5 $1 Qb7 $6 {After this move there is no doubt of White's overwhelming
advantage.Maybe Black had to play} (38... exd5 $142 39. Qxd5 Qc2+ 40. Kh3 Qf5+
41. Kg2 Qc2+ 42. Nd2 Bb4 $14 {and Black has chances for successful defense.})
39. Qc2+ (39. d6 $5) 39... Kd7 ({Black could play} 39... Bc5 40. Bxc5 Qc7 {
but any case white's advantage is more than obvious}) 40. Qc6+ $5 {Nice idea,
bit I am not sure that White could win this endgame, in the case of perfect
play of his opponent.} (40. d6 $142 $1 {[%csl Gd6,Ge5]}) 40... Nxc6 41. dxc6+
Qxc6 42. bxc6+ Kxc6 43. Nd4+ Kd5 (43... Kd7 44. Kh3 $18) 44. Nb5 Ke4 $2 {
[%mdl 8192] Cubas lost will to ressistance and in a bad moment!} ({I didn't
found how white could win after} 44... a6 $142 {for example} 45. Nd6 $5 (45.
Nc7+ Kc6 $1 46. Nxa6 (46. Ne8 b5) 46... Kb7 {[%csl Ra6]}) (45. Nc3+ Kc4 46. Nd1
b5 {[%csl Gb5]}) 45... Bxd6 $1 46. exd6 Kxd6 47. Bxb6 e5 $1 48. f5 Ke7 49. Kg3
Kf6 50. Kg4 h5+ $11) 45. Bc1 a6 46. Nd6+ $1 $18 Kd3 (46... Kd5 $142 47. Nxf7 b5
48. axb5 axb5 49. Kg3 b4 50. Kg4 $18) 47. Nxf7 Be7 (47... b5 48. axb5 axb5 49.
Nd8 $18) 48. Nd6 {[%cal Gf4f5]} b5 49. axb5 axb5 50. Nxb5 Ke4 51. Kg3 h5 52.
Nd6+ 1-0